सामान्य रोगों का आयुर्वेदिक उपचार (Record no. 1238306)

MARC details
000 -LEADER
fixed length control field 00954nam a22002177a 4500
005 - DATE AND TIME OF LATEST TRANSACTION
control field 20250130090914.0
008 - FIXED-LENGTH DATA ELEMENTS--GENERAL INFORMATION
fixed length control field 250130b |||||||| |||| 00| 0 eng d
020 ## - INTERNATIONAL STANDARD BOOK NUMBER
International Standard Book Number 978-93-93317-68-1 (hbk)
037 ## - SOURCE OF ACQUISITION
Terms of availability TB
040 ## - CATALOGING SOURCE
Original cataloging agency AL
Transcribing agency AL
041 ## - LANGUAGE CODE
Source of code hin
Language code of text/sound track or separate title hin
084 ## - COLON CLASSIFICATION NUMBER
Classification number LB 152R4
Assigning agency AL
100 ## - MAIN ENTRY--PERSONAL NAME
Personal name रस्तोगी , अंशुला
245 ## - TITLE STATEMENT
Title सामान्य रोगों का आयुर्वेदिक उपचार
260 ## - PUBLICATION, DISTRIBUTION, ETC.
Place of publication, distribution, etc. नई दिल्ली, भारत:
Name of publisher, distributor, etc. हिन्द प्रकाशन,
Date of publication, distribution, etc. 2024
300 ## - PHYSICAL DESCRIPTION
Extent 240 पृ0
365 ## - TRADE PRICE
Price amount 1200.00
Currency code INR
650 ## - SUBJECT ADDED ENTRY--TOPICAL TERM
Topical term or geographic name entry element वेद - आयुर्वेद
942 ## - ADDED ENTRY ELEMENTS (KOHA)
Source of classification or shelving scheme Colon Classification (CC)
Koha item type Textbook
Classification part LB 152R4
Suppress in OPAC No
Holdings
Withdrawn status Lost status Source of classification or shelving scheme Damaged status Not for loan Home library Current library Date acquired Source of acquisition Inventory number Total Checkouts Full call number Barcode Date last seen Price effective from Koha item type
    Colon Classification (CC)     Arts Library Arts Library 2025-01-30 मेहरचंद लक्ष्मणदास पब्लिकेशन्स 6716 & 2024-12-02   LB 152R4 AL1804099 2025-01-30 2025-01-30 Textbook
Copyright @ Delhi University Library System